• 首页
  • 本馆介绍
  • 公告通知
  • 最新文献
  • 馆藏检索
  • 电子资源
  • 读者导购
  • 参考咨询
  • 我的图书馆
  • 登录
  • 详细信息显示
  • 放入我的书架
  • 预约/预借图书
  • 作者相关作品
  • 分类相关作品
  • 丛书相关作品
  • 出版社相关作品

书目信息

  • 表格格式
  • 工作单格式
  • 卡片格式
题名:
2023年法律硕士考试一本通
    
 
作者: 车润海, 编著
分册: 1   刑法学
出版信息: 北京   中国经济出版社  2022.01
页数: 431页
开本: 26cm
丛书名:
单 册:
中图分类: D9 , D924.04
科图分类:
主题词: 法律--fa lv--硕士生入学考试--自学参考资料 , 刑法--xing fa--中国--硕士生入学考试--自学参考资料
电子资源:
ISBN: 978-7-5114-6554-2
000 01033nam 2200277 450
001 CAL 012022024851
005 20230303120527.83
010    @a978-7-5114-6554-2@dCNY95.00
100    @a20220927d2022 em y0chiy0120 ea
101 0  @achi
102    @aCN@b110000
105    @ay z 000yy
106    @ar
200 1  @a2023年法律硕士考试一本通@A2023 nian fa lv shuo shi kao shi yi ben tong@h1@i刑法学@f车润海编著
210    @a北京@c中国经济出版社@c中国石化出版社@d2022.01
215    @a431页@d26cm
300    @a方圆众合教育 法学/非法学
330    @a本书分为总则、分则两编, 内容包括: 犯罪构成、正当化事由、故意犯罪的停止形态、共同犯罪、罪刑各论概述、危害国家安全罪、危害公共安全罪、破坏社会主义市场经济秩序罪等。
517 1  @a刑法学@Axing fa xue
606 0  @a法律@Afa lv@x硕士生入学考试@j自学参考资料
606 0  @a刑法@Axing fa@y中国@x硕士生入学考试@j自学参考资料
690    @aD9@v5
690    @aD924.04@v5
701  0 @a车润海,@Ache run hai@f1989-@4编著
801  0 @aCN@bBJXHZP@c20230228
905    @b1385613-6@dD9@e901:1@f4
    
    2023年法律硕士考试一本通.1.刑法学/车润海编著.-北京:中国经济出版社:中国石化出版社,2022.01
    431页;26cm
    方圆众合教育 法学/非法学
    
    ISBN 978-7-5114-6554-2:CNY95.00
    本书分为总则、分则两编, 内容包括: 犯罪构成、正当化事由、故意犯罪的停止形态、共同犯罪、罪刑各论概述、危害国家安全罪、危害公共安全罪、破坏社会主义市场经济秩序罪等。
●
相关链接 在E读中查询图书 在五车中查询图书 在当当中查询图书 在豆瓣中查询图书


正题名:2023年法律硕士考试一本通     索取号:D9/901:1         预约/预借

序号 登录号 条形码 馆藏地/架位号 状态 备注
1 1385613   213856139   第一样本阅览室/ [索取号:D9/901:1] 在馆    
2 1385614   213856148   第一借阅区/ [索取号:D9/901:1] 在馆    
3 1385615   213856157   第一借阅区/ [索取号:D9/901:1] 在馆    
4 1385616   213856166   第一借阅区/ [索取号:D9/901:1] 在馆    
唐山师范学院图书馆 欢迎您!
大连网信软件有限公司© 版权所有